| 000 | 00792nam a2200253 a 4500 | ||
|---|---|---|---|
| 001 | 3809 | ||
| 003 | CDMR | ||
| 005 | 20131203101256.0 | ||
| 008 | 130130s1984||||||||||||||||||||||||||||d | ||
| 020 | _a8486153565 | ||
| 040 |
_aCDMR _bcat _cCPC GIRONA |
||
| 245 | 1 | 4 |
_a¿ La cultura contra la democracia ? _b: lo audiovisual en la época transnacional _cArmand Mattelard, Xavier Delcourt, Michèle Mattelart |
| 260 |
_c1984 _bMitre _aBarcelona |
||
| 300 | _a207 p. | ||
| 490 | 0 | _aNuevos Signos | |
| 650 | 0 |
_93211 _aComunicació i cultura |
|
| 650 | 0 |
_93478 _aCultura de massa |
|
| 650 | 0 |
_94395 _aPluralisme cultural |
|
| 650 | 0 |
_94426 _aPolítica i cultura |
|
| 700 | 1 |
_9379 _aMattelart, Armand |
|
| 700 | 1 |
_94411 _aDelcourt, Xavier |
|
| 700 | 1 |
_93403 _aMattelart, Michèle |
|
| 942 |
_cMON _2udc |
||
| 999 |
_c3809 _d3809 |
||